| 000 -NÁVESTIE |
| fixed length control field |
00594nam a2200193 a 4500 |
| 008 - ÚDAJE S PEVNOU DĹŽKOU – VŠEOBECNÉ INFORMÁCIE |
| fixed length control field |
960124s1973||||[C 0 slo c |
| 040 ## - ZDROJ KATALOGIZÁCIE |
| Pôvodná katalogizujúca agentúra |
SNK |
| Jazyk katalogizácie |
slo |
| Prepisujúca agentúra |
SNK |
| Konvencie popisu |
AACR2 |
| 041 1# - KÓD JAZYKA |
| Kód jazyka textu/zvukovej stopy alebo samostatných nápisov |
slo |
| 044 ## - KÓD KRAJINY VYDAVATEĽA/PRODUCENTA |
| Kód krajiny MARC |
xo |
| Kód krajiny ISO |
SK |
| 080 ## - ČÍSLO MEDZINÁRODNÉHO DESATINNÉHO TRIEDENIA (MDT) |
| Číslo Medzinárodného desatinného triedenia (MDT) |
1 DM+1 HM+3 K+3 KSSZ(049)+3 KSČ(049)(08) |
| 020 ## - MEDZINÁRODNÉ ŠTANDARDNÉ ČÍSLO KNIHY (ISBN) |
| Údaje o dostupnosti |
15,50 |
| 100 1# - OSOBNÉ MENÁ – VŠEOBECNÉ INFORMÁCIE |
| Osobné meno |
Pleva, Ján |
| Kód roly |
ant |
| 245 10 - NÁZOV |
| Názov |
Antológia marxizmu-leninizmu pre postgraduálne štúdium učiteľov |
| Údaj o zodpovednosti atď. |
Sprac. Ján Pleva, Jozef Dzugas |
| 250 ## - ÚDAJ O PORADÍ VYDANIA |
| Údaj o poradí vydania |
1. vyd. |
| 260 ## - VYDAVATEĽSKÉ ÚDAJE, DISTRIBÚCIA ATĎ. |
| Miesto publikovania, distribúcie atď. |
Bratislava |
| Názov vydavateľa, distibútora atď. |
SPN |
| Dátum publikovania, distribúcie atď. |
1973 |
| Miesto výroby |
Nitra |
| Výrobca |
Nitrianske tlač. |
| 300 ## - FYZICKÝ POPIS |
| Rozsah |
241, [1] s. |
| Rozmery |
8ř |
| 700 1# - PRIDANÝ VSTUP – OSOBNÉ MENO |
| Osobné meno |
Dzugas, Jozef |
| Kód roly |
ant |
| 958 ## - Formálny deskriptor |
| Formálny deskriptor |
A |